[Event "Galatasaray Blitz Chess Tournament"]
[Site "Istanbul"]
[Date "2019.03.24"]
[Round "6.2"]
[White "Ozturk, Kubra"]
[Black "Dastan, Muhammed Batuhan"]
[Result "1-0"]
[WhiteElo "2344"]
[BlackElo "2561"]
[Annotator "TA"]
[PlyCount "111"]
[EventDate "2019.03.24"]
[EventType "swiss"]
[EventCountry "TUR"]
[SourceTitle "playchess.com"]
[Source "ChessBase"]
[SourceQuality "1"]

{[%evp 10,111,33,8,33,8,22,-9,-1,-38,-26,-41,-24,-24,-4,-14,-16,-27,-28,-40,-23,-11,0,0,15,21,20,11,24,32,29,10,138,68,139,124,179,16,8,26,32,0,96,68,141,152,148,85,91,90,93,83,149,149,161,170,167,167,244,258,512,510,488,481,360,160,160,150,227,204,186,186,392,387,1120,1105,881,585,546,500,997,901,975,932,1679,1646,1809,1277,1141,1019,1561,1444,1485,1079,917,612,612,599,29982,29983,29984,29985,29985,29986]} 1. d4 f5 2. Nf3 Nf6 3. g3 g6 4. Bg2 Bg7 5. O-O O-O 6. b4 Ne4 {A81: Dutch Defence: 2 g3} (6... c6 7. Bb2 a5 8. a3 axb4 9. axb4 Rxa1 10. Bxa1 Na6 11. c3 d5 12. Nbd2 Ne4 13. e3 Be6 14. Bb2 Nc7 {½-½ (37) Demidov,M (2520)-Anton Guijarro,D (2642) St Petersburg 2018}) 7. Bb2 a5 8. a3 d5 {The position is equal.} 9. Nfd2 axb4 10. axb4 Rxa1 11. Bxa1 Nc6 12. c3 $146 ({Predecessor:} 12. Nxe4 fxe4 13. Qd2 e5 14. dxe5 Bxe5 15. Bxe5 Nxe5 {0-1 (25) Fielding,G-Hassim,U IECC email 1997}) 12... Be6 13. f3 Nd6 14. Na3 f4 {Threatening ...Nf5.} 15. Qe1 Nf5 {Hoping for ...Ne3.} 16. Nc2 g5 17. e4 fxe3 18. Nxe3 Nxe3 19. Qxe3 {[%mdl 64] [#] Double Attack} Bf5 20. Qxg5 Kh8 (20... e5 $1 $11 21. Qxd8 Rxd8) 21. Re1 (21. f4 $16) 21... Qd6 (21... e5 $14 22. Qxd8 Rxd8) 22. Nf1 Bf6 (22... e5 $16 {was necessary.}) 23. Qe3 $2 ({Better is} 23. Qc1 $18) 23... e5 $11 24. dxe5 Nxe5 25. Nd2 Nf7 (25... Ra8 $11) 26. Bb2 Bg6 ({Black should try} 26... Ra8 $14) 27. f4 $16 Nh6 28. Qc5 (28. Qe6 $142) 28... Qxc5+ 29. bxc5 c6 30. Nf3 Be4 (30... Ra8 $142) 31. Ne5 Bxe5 32. fxe5 Bxg2 33. Kxg2 {[%mdl 4096] Endgame KRB-KRN} Ng4 {[#]} (33... Nf5 {was called for.} 34. Bc1 Re8) 34. Re2 $1 $18 Kg8 $2 (34... Re8 {was worth a try.} 35. c4 dxc4) 35. h3 Nh6 36. Bc1 Nf5 37. e6 (37. g4 $18 {is the precise move to win.} Ng7 38. Rb2) 37... Re8 $16 38. Bf4 Ng7 (38... d4 $16 {keeps fighting.}) 39. e7 $18 Kf7 40. Bd6 Nf5 $2 (40... Ra8 41. Kf2 Ne8) 41. g4 Nh4+ $2 (41... Ng7 42. Rb2 Ra8 43. Rxb7 Ne8) 42. Kg3 Ng6 43. Rb2 Ke6 44. Rxb7 Ne5 (44... h6 $142 45. Rc7 Nxe7) 45. Bxe5 Kxe5 {KR-KR} 46. Rc7 d4 47. cxd4+ Kxd4 48. Rxc6 Rxe7 49. h4 Ke4 50. Rc8 Ra7 51. c6 {[%cal Bc5c6,Bc6c7][%mdl 32]} Ra3+ 52. Kf2 {Strongly threatening Re8+.} Ra2+ 53. Ke1 Ke3 {[%cal Ra2a1]} 54. Re8+ {White mates.} Kd3 55. c7 Ra1+ 56. Kf2 {Accuracy: White = 50%, Black = 25%.} 1-0

[Event "Galatasaray Blitz Chess Tournament"]
[Site "Istanbul"]
[Date "2019.03.24"]
[Round "6.3"]
[White "Gulbas, Cemil"]
[Black "Ozer, Omer Faruk"]
[Result "1/2-1/2"]
[WhiteElo "2404"]
[BlackElo "2369"]
[Annotator "TA"]
[PlyCount "111"]
[EventDate "2019.03.24"]
[EventType "swiss"]
[EventCountry "TUR"]
[SourceTitle "playchess.com"]
[Source "ChessBase"]
[SourceQuality "1"]

{[%evp 10,111,33,34,46,22,19,-2,14,-18,13,15,41,0,0,-45,-32,-65,-47,-74,-67,-59,-58,-95,-29,-140,-152,-173,-69,-71,-45,-46,-35,-47,53,-134,-119,-168,-123,-288,-293,-300,-301,-309,-294,-285,-222,-414,-400,-415,-417,-375,-267,-230,-157,-248,-98,-98,-98,-117,-123,-154,-118,-123,-108,-154,-111,-187,-210,-412,-410,-460,-503,-483,-480,-429,-215,-216,0,0,0,0,0,-70,-62,-66,-51,-50,-99,-81,0,0,0,0,0,0,0,0,0,0,0,0,0,0]} 1. e4 e5 2. Nf3 Nc6 3. Bc4 Nf6 4. d3 h6 5. c3 d6 6. Nbd2 g6 {C55: Two Knights: 4 d3, 4 d4 exd4 5 e5 and Max Lange Attack} (6... g5 7. h3 Nh5 8. g3 Nf6 9. Nf1 Bg7 10. Ne3 Ne7 11. Bb3 c6 12. h4 g4 13. Nh2 h5 14. f3 {1-0 (40) Dominguez Perez,L (2739)-Mamedyarov,S (2801) Saint Louis 2018}) 7. Bb3 Bg7 8. Nf1 O-O 9. h3 Qe7 10. Ne3 Nd8 {[%cal Bc6d8,Bd8e6,Be6c5,Bc5b3][%mdl 32]} 11. Bd2 $146 ({Predecessor:} 11. O-O c6 12. Re1 Ne6 13. Nf1 Nh5 {0-1 (47) Kim,A (2180)-Zarezenko,I St Petersburg 1997}) 11... Ne6 12. g3 c6 13. Qe2 a5 14. a4 Nc5 15. Bc2 Be6 16. g4 d5 ({Black should try} 16... Rfe8 $17) 17. Nf1 (17. exd5 $11 Bxd5 18. Nxd5 Nxd5 19. d4 exd4 20. Qxe7 Nxe7 21. Nxd4) 17... dxe4 $17 18. dxe4 {[#]} Nfd7 (18... b5 $1 $19 {[%mdl 512]} 19. g5 (19. axb5 cxb5) 19... hxg5 20. Bxg5 bxa4) 19. Be3 $15 Nb3 20. Ra3 Ndc5 $36 {[%mdl 2048] Black fights for an advantage.} 21. Ng3 f6 (21... b5 $1 $15 22. axb5 cxb5 23. Qxb5 Rfb8) 22. Rg1 $2 (22. c4 $1 $14) 22... Qf7 23. Nd2 Rfd8 {White must now prevent ...Nxd2.} 24. Bxc5 $2 (24. Nxb3 $17 {is a better defense.} Nxb3 25. h4) 24... Rxd2 $19 ({Much less strong is} 24... Nxc5 25. Nf5 $19) 25. Qxd2 Nxd2 26. Kxd2 Rd8+ 27. Kc1 Bc4 28. h4 $2 (28. Be3) 28... Bf8 29. Bxf8 Qxf8 ({Don't take} 29... Kxf8 30. Re1 $19) 30. h5 g5 31. Nf5 Kh7 32. Ne3 (32. Re1 $17) 32... Be6 (32... Be2 $1 $19 {has better winning chances.} 33. Rb3 Rd7) 33. Bb3 $17 Bc8 34. Bc4 Qc5 35. Rb3 b6 {[%cal Bb7b6,Bb6b5,Bb5b4][%mdl 32]} 36. Kc2 Bb7 37. Be6 b5 38. Bf5+ (38. Ra3 $17) 38... Kg7 $19 39. Ra1 $2 (39. Rd1 Rd4 40. Rc1) 39... b4 40. Re1 Ba6 41. Kb1 Bd3+ 42. Ka1 Bc4 (42... Qb6 $142 {Threatens to win with ...c5.} 43. c4 Rd4) 43. cxb4 {[#]} axb4 $2 (43... Qd4 $1 $19 44. Nxc4 Qxc4 {[%mdl 64] Double Attack}) 44. Rc1 $1 $11 {[%cal Rc1c4]} Rd4 45. Be6 Qa5 46. Bxc4 (46. Rxc4 $11 Qxa4+ {[%mdl 64] Double Attack} 47. Kb1 Qxb3 48. Nf5+ Kh7 49. Rxd4 Qxe6 50. Rxb4) 46... Qxa4+ $15 47. Kb1 {Strongly threatening Nf5+.} Rxc4 $1 {[%mdl 64] Remove Defender} 48. Rxc4 Qxb3 49. Rxc6 {[%mdl 4096] Endgame [#] KQ-KRN} Qd3+ (49... Qa4 $1 $17 {[%cal Ra4c6]} 50. Rc7+ Kg8) 50. Ka2 $1 $11 {The position is equal.} Qxe4 51. Nf5+ Kh8 (51... Kg8 $5 52. Rc8+ $8 Kh7 53. Rc7+ Kg8 54. Rc8+ Kh7 55. Rc7+ Kg8 56. Rc8+ $11) 52. Rc8+ $1 Kh7 {Hoping for ...Qd5+.} 53. Rc7+ Kg8 {aiming for ...Qd5+.} 54. Rc8+ Kh7 55. Rc7+ Kg8 {...Qd5+ is the strong threat.} 56. Rc8+ {Accuracy: White = 27%, Black = 35%.} 1/2-1/2

[Event "Galatasaray Blitz Chess Tournament"]
[Site "Istanbul"]
[Date "2019.03.24"]
[Round "6.4"]
[White "Tuncer, Tuna"]
[Black "Arat, Ufuk Sezen"]
[Result "1-0"]
[WhiteElo "2371"]
[BlackElo "2368"]
[Annotator "TA"]
[PlyCount "71"]
[EventDate "2019.03.24"]
[EventType "swiss"]
[EventCountry "TUR"]
[SourceTitle "playchess.com"]
[Source "ChessBase"]
[SourceQuality "1"]

{[%evp 9,71,4,11,24,20,20,16,0,0,0,0,-1,95,-20,0,0,10,6,7,0,30,0,0,0,0,-49,0,-13,18,21,62,0,0,-172,-54,-50,0,-16,0,-27,483,473,1085,1089,1077,1055,991,707,700,681,1544,1537,1505,1518,1336,1226,1353,526,29980,29979,29997,29998,29998,29999]} 1. e4 c6 2. Nf3 d5 3. Nc3 Nf6 4. e5 Ne4 5. Ne2 Qb6 {[%csl Ge4][%cal Rb6f2]} 6. d4 {B11: Caro-Kann: Two Knights Variation} e6 $1 7. Ng3 c5 8. Bd3 {The position is equal.} Nxg3 $1 9. fxg3 (9. hxg3 cxd4 10. Ng5 Nc6 11. Nxh7 Bd7 12. Qe2 O-O-O 13. O-O {0-1 (30) Mamedov,R (2703)-Piorun,K (2634) St Petersburg 2018}) 9... cxd4 10. O-O h6 {[#]} (10... Nc6 $11 {keeps the balance.}) 11. Qe2 ({White should try} 11. Nh4 $1 $16 {aiming for Qh5.} Nc6 12. Qh5) 11... Nc6 12. a3 Be7 13. b4 Bd7 $146 14. Bd2 g5 {[%cal Bg7g5,Bg5g4][%mdl 32]} 15. Rfb1 g4 16. Nh4 $1 h5 $36 {[%mdl 2048] Black fights for an advantage.} 17. Qe1 Qc7 18. Bf4 Bxh4 19. gxh4 f6 {[%cal Rc6e5]} 20. b5 (20. Bg6+ $14 Kd8 21. Qf2 Nxe5 22. Bxe5 Qxe5 23. Re1) 20... Nxe5 $11 {White must now prevent ...Nf3+!} 21. Bg6+ $2 {[#]} (21. Qg3 $11 {and White is okay.}) 21... Kf8 (21... Ke7 $1 $19 {...Nf3+! is the strong threat.} 22. Qg3 Qc3 23. Bxe5 fxe5 24. Qxe5 Qe3+ 25. Qxe3 dxe3) 22. Qg3 $1 $15 {White wants to play Re1.} d3 23. Rf1 {Hoping for Bxe5.} Kg7 24. Bxd3 {Threatens to win with Rae1.} Qb6+ $2 {[%mdl 8192]} (24... Raf8 $11) 25. Be3 $18 d4 {[#]} (25... Qd8 $142 26. Bg5 Nxd3) 26. Bg5 $1 {[%mdl 512]} Nxd3 (26... fxg5 27. Qxe5+) 27. Bxf6+ Kg8 28. Qxd3 {White threatens Qg6+ and mate.} Rh6 29. Bxd4 Qxb5 30. Qe3 Rh7 31. c4 {[%cal Bc2c4,Bc4c5][%mdl 32]} Qa5 32. Bc3 Qd8 33. Bf6 (33. Rf6 $142) 33... Qa5 34. c5 {White mates.} Rf8 35. Qg5+ Kf7 36. Be7+ {Accuracy: White = 56%, Black = 25%.} 1-0

[Event "Galatasaray Blitz Chess Tournament"]
[Site "Istanbul"]
[Date "2019.03.24"]
[Round "6.5"]
[White "Yurtseven, Melih"]
[Black "Yilmazyerli, Mert"]
[Result "0-1"]
[WhiteElo "2390"]
[BlackElo "2425"]
[Annotator "TA"]
[PlyCount "62"]
[EventDate "2019.03.24"]
[EventType "swiss"]
[EventCountry "TUR"]
[SourceTitle "playchess.com"]
[Source "ChessBase"]
[SourceQuality "1"]

{[%evp 9,62,55,61,46,76,56,64,47,57,49,62,65,72,70,55,55,69,56,103,27,118,56,73,73,75,55,69,0,191,206,192,169,172,177,155,0,0,0,0,0,0,-28,-12,-29,0,0,58,60,31,-80,-87,-111,-50,-50,-48]} 1. e4 e5 2. Nf3 Qe7 3. Nc3 c6 4. d4 d6 5. a4 {[%cal Ba2a4,Ba4a5,Ba5a6][%mdl 32]} Nf6 6. Be2 {C41: Philidor Defence} Bg4 (6... h6 7. h3 Qc7 8. Be3 Be7 9. O-O O-O 10. Re1 Re8 11. Bc4 Nbd7 12. Ba2 Nf8 13. Qd2 Be6 14. d5 Bd7 15. Rad1 c5 16. Nxe5 dxe5 17. d6 Bxd6 18. Qxd6 Qxd6 19. Rxd6 Be6 20. Bxc5 Bxa2 21. Nxa2 {0-1 (72) Sanal,V (2551)-Fedoseev,V (2718) Riadh 2017}) 7. O-O Qc7 8. h3 {White is slightly better.} Bh5 $146 ({Predecessor:} 8... Bxf3 9. Bxf3 Be7 10. Ne2 h5 11. c3 Nbd7 12. b4 Rg8 13. Ng3 {0-1 (46) Naiditsch,Y-Volgina,A Odessa 2007}) 9. Be3 Nbd7 10. a5 Be7 11. a6 b6 12. d5 cxd5 13. exd5 O-O 14. Ra4 (14. g4 $1 $16 {[%cal Rg4h5]} Bg6 15. Nh4) 14... Rac8 (14... Ne8 $11 {remains equal.}) 15. Rc4 (15. g4 $1 $16 {Threatens to win with Nb5.} Bg6 16. g5) 15... Qb8 {aiming for ...Rxc4.} 16. Rc6 Qa8 17. g4 Bg6 18. Bb5 ({White should play} 18. Nh4 $14) 18... Nb8 $2 (18... Ne8 $11) 19. Rxc8 $18 Rxc8 {[#]} 20. Nh4 $1 Ne8 21. Nxg6 hxg6 22. Ne2 $2 (22. Qd3 $16) 22... Nc7 $36 {[%mdl 2048] Black is pushing.} 23. c4 Ncxa6 24. f4 exf4 25. Bxf4 Nc7 26. Nc3 Nxb5 27. Nxb5 Rd8 (27... Rxc4 $11 28. Qe2 (28. Bxd6 Bf6 $11) 28... Qxd5 29. Qxe7 {[%mdl 64] Double Attack} Qxb5 30. Qd8+ (30. Bxd6 Nd7 $11) 30... Kh7 31. Qh4+ Kg8 32. Qd8+ {[%mdl 64] Double Attack} Kh7 33. Qh4+ Kg8 34. Qd8+ {[%mdl 64] Double Attack}) 28. Qf3 $14 {Strongly threatening Bxd6!} Qb7 29. Qa3 {[#]} (29. Bg3 $14 {keeps the upper hand.} Bf8 30. Qa3) 29... a6 $1 $17 {[%cal Ra6b5]} 30. Bxd6 Bf6 (30... axb5 $17 31. Bxe7 Re8) 31. Nc3 b5 {Accuracy: White = 46%, Black = 49%.} 0-1

[Event "Galatasaray Blitz Chess Tournament"]
[Site "Istanbul"]
[Date "2019.03.24"]
[Round "7.1"]
[White "Yilmazyerli, Mert"]
[Black "Gokerkan, Cem Kaan"]
[Result "1-0"]
[WhiteElo "2425"]
[BlackElo "2419"]
[Annotator "TA"]
[PlyCount "113"]
[EventDate "2019.03.24"]
[EventType "swiss"]
[EventCountry "TUR"]
[SourceTitle "playchess.com"]
[Source "ChessBase"]
[SourceQuality "1"]

{[%evp 19,113,-36,-39,-51,-6,-14,0,0,0,0,0,0,0,5,8,13,52,54,47,43,44,36,46,21,41,43,46,51,104,118,212,0,83,80,222,222,222,222,262,249,402,410,502,495,741,564,654,654,654,654,654,654,654,409,981,268,29966,29969,29968,29970,29970,29970,29970,29970,29973,29974,29976,29974,29975,29976,29977,29968,29968,29968,29971,29968,29967,29966,29966,29967,29972,29973,29973,29968,29983,29984,29984,29985,29987,29988,29989,29990,29991,29992,29992,29993]} 1. Nf3 Nf6 2. g3 c5 3. Bg2 Nc6 4. O-O e5 5. c4 d5 6. cxd5 Nxd5 7. Nc3 Be6 8. d3 Be7 9. Bd2 O-O 10. Nxd5 Bxd5 11. Bc3 {A30: Symmetrical English: Double Fianchetto and Hedgehog} f5 $146 ({Predecessor:} 11... f6 12. a4 Qd7 13. Nd2 Be6 14. Nc4 Rab8 15. Qb3 Nb4 16. Rfc1 b6 17. Qd1 Rfd8 18. h4 Nc6 {1-0 (93) Abramovic,B (2457)-Brenjo,S (2482) Palic 2014}) 12. e4 ({Not} 12. Nxe5 $2 Bxg2 13. Kxg2 Nxe5 $19) 12... fxe4 13. dxe4 {The position is equal.} Bxe4 {Strongly threatening ...Qxd1.} 14. Nxe5 Bxg2 15. Kxg2 {And now Qb3+ would win.} Nxe5 16. Bxe5 c4 17. Re1 Bc5 (17... g6 {is interesting.} 18. a4 Bf6 19. f4 Bxe5 20. Rxe5 Rc8) 18. f4 Qxd1 19. Raxd1 Rad8 20. Kf3 Kf7 21. Ke4 g6 22. Rd5 Rxd5 23. Kxd5 $14 {[%mdl 4160] Endgame Double Attack. KRB-KRB} Bb4 {[#]} (23... Rc8 $14) 24. Re4 $1 $16 b5 {[#]} (24... Rd8+ $16 25. Kxc4 Be7) 25. b3 $2 (25. Kc6 $1 $18) 25... Rd8+ (25... Rc8 $11) 26. Kc6 Rd2 (26... a5 $16 {was called for.}) 27. Kxb5 $18 {[%mdl 64] Double Attack} Be7 28. bxc4 ({Don't take} 28. Rxc4 $6 Rxa2 29. Ra4 Rxh2 $16) 28... Rxa2 29. c5 {[%cal Bc4c5,Bc5c6][%mdl 32]} a6+ $2 (29... Rxh2 30. Rc4 Bd8) 30. Kb6 Rxh2 31. c6 Rh1 (31... Bd8+ $142 32. c7 Bxc7+ 33. Kxc7 Ra2) 32. Rc4 {Hoping for c7.} Rb1+ 33. Kxa6 {aiming for c7.} Bd8 34. c7 Bxc7 35. Rxc7+ {KRB-KR} Ke6 36. Rxh7 Rb3 (36... Rg1 $142 37. Rh3 Kf5) 37. Rg7 $2 (37. g4 Rg3 38. g5) 37... Kf5 $2 (37... Rxg3 $18 38. Kb5 Kd5 39. Rd7+ Ke4) 38. g4+ {[%mdl 64] Decoy. White mates.} Kxg4 39. Rxg6+ Kf5 40. Rb6 Ra3+ 41. Kb7 Rd3 42. Kc7 Rd1 43. Rd6 Rc1+ 44. Kd7 Rb1 45. Ke7 Rb7+ 46. Rd7 Rb6 47. Kf7 Rh6 48. Kg7 Rg6+ 49. Kh7 Ra6 50. Rf7+ Kg4 51. Kg7 Kh5 52. f5 Kg5 53. f6 Kf5 54. Re7 Kg5 55. f7 Rg6+ 56. Kh7 Rh6+ 57. Kg8 {Accuracy: White = 78%, Black = 29%.} 1-0

[Event "Galatasaray Blitz Chess Tournament"]
[Site "Istanbul"]
[Date "2019.03.24"]
[Round "7.2"]
[White "Arat, Ufuk Sezen"]
[Black "Yurtseven, Melih"]
[Result "0-1"]
[WhiteElo "2368"]
[BlackElo "2390"]
[Annotator "NA"]
[PlyCount "94"]
[EventDate "2019.03.24"]
[EventType "swiss"]
[EventCountry "TUR"]
[SourceTitle "playchess.com"]
[Source "ChessBase"]
[SourceQuality "1"]
[TimeControl "300+3"]

1. d4 Nf6 2. c4 g6 3. Nf3 Bg7 4. g3 O-O 5. Bg2 e6 6. O-O d5 7. Nc3 b6 8. cxd5 Nxd5 9. Nxd5 exd5 10. Bg5 Qe8 11. Rc1 c6 12. Qd2 Bb7 13. Rc2 Nd7 14. Bh6 Qe6 15. Rfc1 Rfe8 16. Bxg7 Kxg7 17. e3 Rad8 18. h4 c5 19. Ng5 Qf6 20. b3 h6 21. Nh3 g5 22. hxg5 hxg5 23. dxc5 Nxc5 24. Qc3 Ne6 25. Qxf6+ Kxf6 26. f4 gxf4 27. exf4 Nd4 28. Rc7 Ne2+ 29. Kf2 Nxc1 30. Rxc1 Rd7 31. Ng5 Rde7 32. Bf1 d4 33. Rd1 Rd8 34. Bd3 Bc6 35. Nh3 Rh8 36. Bf1 Bd7 37. Ng5 Rh2+ 38. Kg1 Rxa2 39. Rxd4 Ra1 40. Ne4+ Kg7 41. Nf2 Bb5 42. Nd3 Bxd3 43. Rxd3 Ree1 44. Rf3 a5 45. Kg2 Ra2+ 46. Kh3 Ra3 47. Bc4 Rc1 0-1

[Event "Galatasaray Blitz Chess Tournament"]
[Site "Istanbul"]
[Date "2019.03.24"]
[Round "7.3"]
[White "Ozer, Omer Faruk"]
[Black "Tuncer, Tuna"]
[Result "1-0"]
[WhiteElo "2369"]
[BlackElo "2371"]
[Annotator "NA"]
[PlyCount "61"]
[EventDate "2019.03.24"]
[EventType "swiss"]
[EventCountry "TUR"]
[SourceTitle "playchess.com"]
[Source "ChessBase"]
[SourceQuality "1"]
[TimeControl "300+3"]

1. e4 c5 2. Nf3 e6 3. d4 cxd4 4. Nxd4 Nc6 5. Nc3 Qc7 6. Be3 a6 7. Qf3 Bd6 8. O-O-O Be5 9. g3 Nge7 10. Qe2 b5 11. f4 Bxd4 12. Bxd4 Nxd4 13. Rxd4 Rb8 14. Bg2 b4 15. Nd1 O-O 16. Kb1 a5 17. Ne3 Qa7 18. Qd2 Nc6 19. Rd6 a4 20. e5 b3 21. cxb3 axb3 22. a3 Na5 23. Rc1 Nb7 24. Rc7 Qa4 25. Rb6 d5 26. exd6 Rd8 27. Bxb7 Bxb7 28. Ka1 Qe4 29. Rb4 Qh1+ 30. Rc1 Rxd6 31. Rxb7 1-0

[Event "Galatasaray Blitz Chess Tournament"]
[Site "Istanbul"]
[Date "2019.03.24"]
[Round "7.4"]
[White "Dastan, Muhammed Batuhan"]
[Black "Gulbas, Cemil"]
[Result "1/2-1/2"]
[WhiteElo "2561"]
[BlackElo "2404"]
[Annotator "TA"]
[PlyCount "98"]
[EventDate "2019.03.24"]
[EventType "swiss"]
[EventCountry "TUR"]
[SourceTitle "playchess.com"]
[Source "ChessBase"]
[SourceQuality "1"]

{[%evp 10,98,37,23,39,38,12,18,40,43,34,-4,-3,-39,0,-72,-52,-66,-50,-53,0,-43,32,0,0,0,0,0,0,-101,24,14,35,18,74,0,0,0,0,0,14,0,0,0,26,0,0,0,0,-17,-36,-96,-87,-92,-91,-171,-158,-206,-205,-206,-198,-206,-202,-194,-170,-214,-184,-208,-177,-200,0,-211,-206,-350,-355,-327,-319,-250,-22,-859,-743,-5389,-321,-297,-197,-174,-165,-166,-81,-77,-86]} 1. e4 d6 2. d4 Nf6 3. Nc3 g6 4. f4 Bg7 5. Nf3 O-O 6. a3 c5 {B09: Pirc Defence: Austrian Attack} (6... Bg4 7. Be2 Bxf3 8. Bxf3 e5 9. fxe5 dxe5 10. d5 c6 11. dxc6 Nxc6 12. Qxd8 Rfxd8 13. Bg5 Nd4 14. O-O-O {0-1 (52) Anand,V (2776)-Nepomniachtchi,I (2751) Moscow 2018}) 7. dxc5 Qa5 8. b4 ({Of course not} 8. cxd6 Nxe4 9. Bd2 (9. dxe7 $2 Bxc3+ 10. bxc3 Re8 $19) 9... Nxc3 $17) 8... Qd8 {The position is equal.} 9. Bd2 $146 ({Predecessor:} 9. Rb1 Nfd7 10. Nd5 dxc5 11. e5 Nc6 12. Be3 e6 13. Nc3 cxb4 14. axb4 f6 15. exf6 Nxf6 16. Qxd8 Rxd8 17. Bd3 b6 18. O-O Bb7 19. Bc4 Nd5 {½-½ (19) Michiels,B (2451)-Schlosser,P (2560) Pardubice 2009}) 9... Nh5 10. e5 dxe5 11. Nxe5 Nc6 12. Be2 (12. Nxc6 $11 bxc6 13. Qf3) 12... Nxf4 13. Bxf4 Nxe5 14. O-O Be6 (14... Nc6 $15 15. Nb5 Bf5) 15. Kh1 Nc4 ({Black should try} 15... Qxd1 $15 16. Raxd1 Rad8) 16. Qe1 Qd4 17. Rf3 {[#] And now Rd1 would win.} Ne5 18. Rf1 Nc4 19. Nb5 (19. Rf3 $11 Ne5 20. Rf1) 19... Qd7 (19... Qxa1 $17 20. Qxa1 Bxa1 21. Rxa1 a5) 20. Nc7 {Threatens to win with Rd1.} Bxa1 21. Qxa1 {[#] Strongly threatening Rd1.} Ne3 (21... Rad8 $1 $11 {keeps the balance.}) 22. Bxe3 (22. Nxa8 $16 Nxf1 23. Bh6) 22... Qxc7 $11 23. Bh6 {[%csl Gh6][%cal Ra1g7]} f6 24. Bxf8 Rxf8 25. Qd4 Rd8 $36 {[%mdl 2048] Black has the initiative.} 26. Qe3 Bd5 27. c4 Bf7 $1 28. Re1 e5 29. Rf1 Kg7 30. Qf2 (30. Qc3 $15) 30... Qe7 $17 31. Qe3 Rd4 32. Bf3 (32. Qc3 $17 {was worth a try.}) 32... Bxc4 33. Re1 {Qxd4! is the strong threat.} Qd7 34. h3 h5 35. Kh2 Bd5 36. Rf1 Bxf3 37. Rxf3 $19 {[%mdl 4096] Endgame KQR-KQR} Qe7 38. Rf2 Qd8 39. Qf3 Qe7 40. Qe3 $1 h4 41. Qe2 (41. Kg1 $142) 41... e4 42. Rf1 Qe5+ 43. Kh1 Rd3 $2 (43... f5 $19 {White must now prevent ...e3.} 44. Qb5 Qe7) 44. Qg4 $2 {[%mdl 8192]} (44. Re1 $11) 44... e3 45. Re1 g5 $2 (45... Qg3 46. Qe2 Rd2) 46. Qf3 Qe7 ({Less strong is} 46... Rxa3 47. Qxb7+ Kg6 48. Qc8 $17) 47. a4 Kg6 48. b5 f5 (48... Rc3 $19 {and Black stays clearly on top.} 49. Qd5 Rxc5 50. Qg8+ Kf5) 49. c6 $17 bxc6 {Accuracy: White = 34%, Black = 38%.} 1/2-1/2

[Event "Galatasaray Blitz Chess Tournament"]
[Site "Istanbul"]
[Date "2019.03.24"]
[Round "7.5"]
[White "Aghamaliyev, Cemil"]
[Black "Ozturk, Kubra"]
[Result "0-1"]
[WhiteElo "2493"]
[BlackElo "2344"]
[Annotator "TA"]
[PlyCount "55"]
[EventDate "2019.03.24"]
[EventType "swiss"]
[EventCountry "TUR"]
[SourceTitle "playchess.com"]
[Source "ChessBase"]
[SourceQuality "1"]

{[%evp 13,55,-16,-27,-30,0,-8,0,0,-2,-56,-41,-131,107,105,101,91,129,0,41,30,179,137,150,143,152,153,145,108,113,-125,-139,-134,-20,-17,-18,-23,-18,-39,0,-9,-8,-5,-12,-771]} 1. e4 e5 2. Nf3 Nc6 3. d4 exd4 4. Nxd4 Bc5 5. Be3 Qf6 6. Nb5 Bxe3 7. fxe3 Qh4+ 8. g3 {C45: Scotch Game} Qd8 (8... Qxe4 $5 {[%cal Re8d8]} 9. Nxc7+ {[%mdl 64] Double Attack} Kf8 $11) 9. Qg4 $1 {[%cal Rg4g7]} g6 10. Qf4 d6 11. Bc4 (11. N1c3 $11 a6 12. Nd4) 11... Ne5 $15 12. O-O ({White should try} 12. Nd2 $15) 12... g5 $146 (12... Bh3 $1 $17 13. Bxf7+ Kd7) ({Predecessor:} 12... Bh3 13. Bxf7+ Kd7 14. N1c3 g5 15. Qxe5 dxe5 16. Rad1+ Ke7 17. Nd5+ Kf8 18. Nbxc7 Kg7 19. g4 Bxg4 20. Nxa8 Nh6 {0-1 (20) Wang,H (2512)-Harikrishna,P (2645) Tiayuan 2005}) 13. Bxf7+ $16 Kf8 14. Qf2 $36 {[%mdl 2048] Strongly threatening Nxc7! Keeping Black busy.} Kg7 15. N1c3 (15. Bxg8 $1 $16 {Hoping for Nxc7.} Rxg8 16. Nxc7 $1 {[%mdl 512]}) 15... Bh3 16. Nd4 {Threatens to win with Nd5.} Qe7 (16... Nh6 $11 {and Black is okay.} 17. Ne6+ Bxe6 18. Bxe6 Qe7) 17. Bxg8 Rhxg8 18. Nd5 Qf7 19. Qxf7+ Nxf7 20. Rf2 c6 {[#]} 21. Ne7 $2 (21. Nf6 $1 $16 {is forced if you want to stay better.}) 21... Rge8 $17 22. Nef5+ {[#]} Kh8 (22... Kg6 $1 $17 23. Nb3 Rxe4) 23. g4 Rxe4 24. Ng3 Re7 25. Ndf5 Rd7 26. Nh5 {aiming for Nf6.The position is equal.} Ne5 {With the idea ...Rf8.} 27. Nf6 Rdd8 28. Rf3 $2 {[%mdl 8192] Accuracy: White = 34%, Black = 33%.} (28. Ne4 $11) 0-1